00375nam a2200121Ia 4500008004100000041000800041082001500049100001900064245008900083260004500172300001900217999001700236241015s9999 xx 000 0 und d aeng a338.04 CRO aCrowther David aSocial Entrepreneurs Vol.18: Mobilisers Of Social Change Mobilisers Of Social Change bEmerald PublishingaUnited Kingdomc2022 a288;. P. 22 cm c41756d41756